00408 a2200169 450000500170000001000130001702000260003003500130005603700090006908200060007810000210008424500600010526000300016527000190019530000210021470000030023520240527110612.0 aB-759186 a9789354715242c250.00 aB-759186 bGift aS aCharman, Katrina aThe Last Firehawk The Crystal Caverns/cKatrina Charman aLondonbScholastic c2023 aLondonbLondon a92 p.c19 cm(Pb)